<?xml version="1.0" encoding="UTF-8"?>
<record
    xmlns:xsi="http://www.w3.org/2001/XMLSchema-instance"
    xsi:schemaLocation="http://www.loc.gov/MARC21/slim http://www.loc.gov/standards/marcxml/schema/MARC21slim.xsd"
    xmlns="http://www.loc.gov/MARC21/slim">

  <leader>01281nam a2200289 u 4500</leader>
  <controlfield tag="001">63572</controlfield>
  <controlfield tag="005">20260504071954.0</controlfield>
  <controlfield tag="008">960313s1989                        eng  </controlfield>
  <datafield tag="020" ind1=" " ind2=" ">
    <subfield code="a">9780471500230</subfield>
  </datafield>
  <datafield tag="035" ind1=" " ind2=" ">
    <subfield code="a">63572</subfield>
  </datafield>
  <datafield tag="035" ind1=" " ind2=" ">
    <subfield code="a">(OCoLC)778186045</subfield>
  </datafield>
  <datafield tag="040" ind1=" " ind2=" ">
    <subfield code="c">comduadb</subfield>
  </datafield>
  <datafield tag="041" ind1=" " ind2=" ">
    <subfield code="a">eng</subfield>
  </datafield>
  <datafield tag="082" ind1=" " ind2="4">
    <subfield code="a">519</subfield>
  </datafield>
  <datafield tag="100" ind1="1" ind2="0">
    <subfield code="a">Atkinson, Kendall E.</subfield>
    <subfield code="4">aut</subfield>
    <subfield code="e">aut</subfield>
    <subfield code="9">484889</subfield>
  </datafield>
  <datafield tag="245" ind1="1" ind2="3">
    <subfield code="a">An introduction to numerical analysis</subfield>
  </datafield>
  <datafield tag="250" ind1=" " ind2=" ">
    <subfield code="a">2. edici&#xF3;n</subfield>
  </datafield>
  <datafield tag="260" ind1=" " ind2=" ">
    <subfield code="a">Nueva York :</subfield>
    <subfield code="b">John Wiley,</subfield>
    <subfield code="c">1989.</subfield>
  </datafield>
  <datafield tag="300" ind1=" " ind2=" ">
    <subfield code="a">xvi, 693 p&#xE1;ginas.</subfield>
  </datafield>
  <datafield tag="505" ind1=" " ind2=" ">
    <subfield code="a">CONTENIDO : Error: sus fuentes, propagaci&#xF3;n y an&#xE1;lisis. -- B&#xFA;squeda de ra&#xED;ces para ecuaciones no lineales. -- Teor&#xED;a de la interpolaci&#xF3;n. -- Aproximaci&#xF3;n de funciones. -- Integraci&#xF3;n num&#xE9;rica. -- M&#xE9;todos num&#xE9;ricos para ecuaciones diferenciales ordinarias. -- &#xC1;lgebra lineal. -- Soluci&#xF3;n num&#xE9;rica de sistemas de ecuaciones lineales. -- El problema de los valores propios de la matriz. -- Ap&#xE9;ndice. -- Respuestas a problemas seleccionados. -- &#xCD;ndice. .</subfield>
  </datafield>
  <datafield tag="650" ind1=" " ind2="7">
    <subfield code="a">An&#xE1;lisis num&#xE9;rico</subfield>
    <subfield code="2">lemb</subfield>
    <subfield code="9">32679</subfield>
  </datafield>
  <datafield tag="650" ind1=" " ind2=" ">
    <subfield code="a">Ecuaciones no lineales</subfield>
    <subfield code="9">58843</subfield>
  </datafield>
  <datafield tag="650" ind1=" " ind2=" ">
    <subfield code="a">Interpolaci&#xF3;n (Matem&#xE1;ticas)</subfield>
    <subfield code="9">21629</subfield>
  </datafield>
  <datafield tag="650" ind1=" " ind2="7">
    <subfield code="a">Integraci&#xF3;n num&#xE9;rica</subfield>
    <subfield code="2">lemb</subfield>
    <subfield code="9">32912</subfield>
  </datafield>
  <datafield tag="650" ind1=" " ind2="7">
    <subfield code="a">&#xC1;lgebra lineal</subfield>
    <subfield code="2">embne</subfield>
    <subfield code="9">119307</subfield>
  </datafield>
  <datafield tag="942" ind1=" " ind2=" ">
    <subfield code="c">BOOK</subfield>
  </datafield>
  <datafield tag="999" ind1=" " ind2=" ">
    <subfield code="c">30500</subfield>
    <subfield code="d">30500</subfield>
  </datafield>
  <datafield tag="952" ind1=" " ind2=" ">
    <subfield code="0">0</subfield>
    <subfield code="1">0</subfield>
    <subfield code="4">0</subfield>
    <subfield code="7">0</subfield>
    <subfield code="8">GEN</subfield>
    <subfield code="a">BC</subfield>
    <subfield code="b">BC</subfield>
    <subfield code="d">1996-09-25</subfield>
    <subfield code="i">C103555</subfield>
    <subfield code="l">0</subfield>
    <subfield code="o">519.4 A876n</subfield>
    <subfield code="p">61000004183885</subfield>
    <subfield code="r">2024-04-11 00:00:00</subfield>
    <subfield code="t">1</subfield>
    <subfield code="w">2023-04-20</subfield>
    <subfield code="y">BOOK</subfield>
  </datafield>
</record>
